[Event "RUS-chT U14"]
[Site "Sochi"]
[Date "2015.05.06"]
[Round "6.1"]
[White "Shastitko, Danil"]
[Black "Bogolepov, Grigory"]
[Result "1-0"]
[WhiteElo "1974"]
[BlackElo "1944"]
[PlyCount "101"]
[EventDate "2015.05.01"]
[EventType "team-swiss"]
[EventRounds "7"]
[EventCountry "RUS"]
[SourceTitle "EXT 2018"]
[Source "ChessBase"]
[SourceDate "2017.10.13"]
[SourceVersion "1"]
[SourceVersionDate "2017.10.13"]
[SourceQuality "1"]

1. e4 c5 2. Nf3 Nc6 3. c4 e5 4. Nc3 d6 5. Be2 Nge7 6. 0-0 Ng6 7. d3 Be7 8. Ne1 Bg5 9. Bxg5 Qxg5 10. Nb5 Qe7 11. Nc2 a6 12. Nc3 Qg5 13. Nd5 Bh3 14. Nce3 Nf4 15. Bg4 Bxg4 16. Qxg4 Qxg4 17. Nxg4 0-0 18. Rad1 Nxd5 19. exd5 Nd4 20. Rd2 b5 21. Ne3 b4 22. f4 exf4 23. Rxf4 Rae8 24. Kf2 f5 25. Rxd4 cxd4 26. Nc2 b3 27. axb3 Rb8 28. Nxd4 g6 29. Ne6 Rfc8 30. Nd4 Kf7 31. Re2 Rb6 32. Re6 h6 33. Ke3 Rcb8 34. b4 Re8 35. Rxe8 Kxe8 36. Nc6 g5 37. d4 h5 38. c5 Rb7 39. g3 Kd7 40. h4 g4 41. Kf4 Rb5 42. Kxf5 dxc5 43. bxc5 Rxb2 44. Ne5+ Ke8 45. Ke6 a5 46. d6 Re2 47. d7+ Kd8 48. Kd6 Rxe5 49. dxe5 a4 50. c6 a3 51. c7# 1-0